000 00449nam a2200145Ia 4500
008 180921t1892 xxu||||| ||||o00| 0 eng d
041 _aeng
245 _aPapers Laid Before The Legislative Council of Ceylon During The Session of 1892 : The Joint Stock Companies'ordinance,1861.
260 _c1892
300 _ap.56-62, 33 cm
500 _aSessional Paper xxviii-1892
942 _cBK
999 _c51603
_d51603
003 LK-CoDNM
040 _aLK-CoDNM
_dLK-CoDNM
_eLK-CoDNM